000
00248nam a2200097Ia 4500
008
240331s9999 xx 000 0 und d
082
_b
ROB
100
_a
Roberts, J. L
245
4
_a
The Glass Menagerie and a streetcar named desire :
_b
notes
942
_c
L
999
_c
3195
_d
3195